Flags with Unique Aspect Ratios (Proportions) - Statistics

General Stats
  • This quiz has been taken 128 times
  • The average score is 6 of 16
Answer Stats
Aspect Ratio Width % Country % Correct
1.21901033:1 82.03% Nepal
90%
1:1 100% Switzerland
86%
Undefined Vatican City
66%
11:28 254.54% Qatar
61%
4:5 125% Monaco
47%
13:15 115.4% Belgium
44%
2:3.23607 161.8% Togo
39%
11:18 163.64% Finland
31%
28:37 132.14% Denmark
29%
18:25 138.89% Iceland
26%
189:335 177.25% El Salvador
24%
6:7 116.67% Niger
24%
11:20 181.81% Paraguay
21%
15:22 146.67% Bolivia
19%
16:25 156.25% Cambodia
16%
19:36 189.47% Vanuatu
15%
No matching quizzes found
Score Distribution
Percent of People with Each Score
Percentile by Number Answered
Your Score History
You have not taken this quiz